| 000 | 00490nam a2200181Ia 4500 | ||
|---|---|---|---|
| 003 | GCL | ||
| 008 | 140319s9999 xx 000 0 eng d | ||
| 040 |
_aGCL / _cGCL |
||
| 082 | 0 | 4 |
_a745.4 _bS I |
| 100 | 1 | _aSHEPARD, TRISTRAM | |
| 245 | 1 | 0 |
_aINTRODUCING DESIGN: TECHNOLOGY ACROSS THE CURRICULUM / _cSHEPARD, TRISTRAM |
| 260 |
_a[S.N] : _bSTANLEY THORNES (PUBLISHERS) LTD. ، _c1991 |
||
| 300 | _a112 P | ||
| 650 | 0 | 4 | _aFOOD |
| 650 | 0 | 4 | _aDESIGN |
| 650 | 0 | 4 | _aTRANSPORT |
| 942 |
_2ddc _cBK |
||
| 999 |
_c21769 _d21769 |
||